000 00573cam a2200241 a 4500
005 20260322212058.0
008 data
010 _a 96044625
020 _a0060187840
020 _a9780060187842
040 _aDLC
_cDLC
_dDLC
050 0 0 _aBD436
_b.T78 1997
082 0 0 _a306.7
_221
092 _a306.7 T78 1997
245 1 0 _aTrue love /
_cRobert Fulghum.
250 _a1st ed.
260 _aNew York :
_bHarperCollinsPublishers,
_cc1997.
300 _a213 p. ;
_c22 cm.
650 0 _aLove.
650 0 _aLove
_xAnecdotes.
700 1 _aFulghum, Robert.
001 data
999 _c1390
_d1390